000 00450nam a2200157 4500
001 125817
003 ES-MaACL
005 20230906192714.0
007 t|
008 070214s1971 sp r ||||1| spa d
100 1 _aRavier, André.
_995591
245 1 0 _aCartas a los padres y educadores para tiempos de revolución /
_cAndré Ravier.
260 _aMadrid :
_bNarcea,
_c1971.
300 _a216 p. ;
_c19 cm.
852 _aES-MaACL
_jC-41547
_bR.78513
999 _c125817
_d125817